000 00485nam a2200133Ia 4500
003 GCL
008 140319s9999 xx 000 0 ara d
040 _aGCL /
_cGCL
082 0 4 _a155.4
_bع ع
245 1 0 _aالعلاج السلوكى للطفل اساليبة ونماذج من حالاتة
260 _a[S.N] :
_bالمجلس الوطنى للثقافة والفنون والاداب ،
_c1993
300 _a373 ص
490 _aعالم المعرفة المبسطة المصورة
_v0
999 _c35448
_d35448